[Event "Sunnyvale 1000 GM Bona op"]
[Site "Sunnyvale"]
[Date "2023.04.24"]
[Round "5"]
[White "Rajaram, Rohan"]
[Black "Bacus, Dharim"]
[Result "1/2-1/2"]
[WhiteElo "1841"]
[BlackElo "2158"]
[PlyCount "41"]
[EventDate "2023.04.21"]
[EventType "swiss"]
[EventRounds "5"]
[EventCountry "USA"]
[SourceTitle "EXT 2024"]
[Source "ChessBase"]
[SourceDate "2023.10.10"]
[SourceVersion "1"]
[SourceVersionDate "2023.10.10"]
[SourceQuality "1"]

1. d4 Nf6 2. c4 e6 3. g3 d5 4. Bg2 Be7 5. Nf3 dxc4 6. Qa4+ Bd7 7. Qxc4 Bc6 8. 0-0 0-0 9. Rd1 Nbd7 10. Nc3 a5 11. Ne5 Bxg2 12. Nxd7 Qxd7 13. Kxg2 Rfd8 14. e4 c6 15. Bf4 h6 16. Qe2 a4 17. Rac1 Bb4 18. a3 Bxc3 19. Rxc3 Ra5 20. Rcd3 Rb5 21. Be5 1/2-1/2

[Event "Milpitas 1000 GM Schev April"]
[Site "Milpitas"]
[Date "2023.04.08"]
[Round "8.3"]
[White "Bacus, Dharim"]
[Black "Yu, Jiangwei"]
[Result "1/2-1/2"]
[WhiteElo "2158"]
[BlackElo "2167"]
[PlyCount "94"]
[EventDate "2023.03.31"]
[EventType "schev"]
[EventRounds "10"]
[EventCountry "USA"]
[SourceTitle "CBM 213 Extra"]
[Source "ChessBase"]
[SourceDate "2023.05.31"]
[SourceVersion "1"]
[SourceVersionDate "2023.05.31"]
[SourceQuality "1"]

1. e4 c5 2. Nf3 d6 3. d4 cxd4 4. Nxd4 Nf6 5. Nc3 a6 6. Bg5 Nbd7 7. Qe2 h6 8. Bh4 g6 9. f4 e5 10. fxe5 dxe5 11. Nf3 Bb4 12. Qc4 Qa5 13. 0-0-0 Bxc3 14. bxc3 0-0 15. Kb2 Qb6+ 16. Ka1 Ng4 17. Rb1 Qd6 18. Qd3 Qc7 19. h3 Nc5 20. Qe2 Qa5 21. Qe1 Be6 22. c4 Qxe1 23. Rxe1 g5 24. hxg4 gxh4 25. Nxe5 Rfd8 26. Nd3 Rac8 27. Nf4 Rd2 28. Kb2 Rf2 29. Nd5 Kg7 30. Re2 Rxe2 31. Bxe2 Nxe4 32. Rxh4 Nd6 33. Ne3 Bxc4 34. Nxc4 Nxc4+ 35. Kb3 Ne3 36. Bf3 Rc5 37. Rh5 Rc7 38. c3 Nc4 39. Rd5 Nb6 40. Rd4 Nd7 41. a4 Ne5 42. Rd5 f6 43. Rd8 Nxf3 44. gxf3 Kg6 45. Rg8+ Kf7 46. Rh8 Kg7 47. Rd8 Kg6 1/2-1/2

[Event "Milpitas 1000 GM Schev April"]
[Site "Milpitas"]
[Date "2023.04.07"]
[Round "6.3"]
[White "Bacus, Dharim"]
[Black "Yan, Nathan"]
[Result "1-0"]
[WhiteElo "2158"]
[BlackElo "2063"]
[PlyCount "53"]
[EventDate "2023.03.31"]
[EventType "schev"]
[EventRounds "10"]
[EventCountry "USA"]
[SourceTitle "CBM 213 Extra"]
[Source "ChessBase"]
[SourceDate "2023.05.31"]
[SourceVersion "1"]
[SourceVersionDate "2023.05.31"]
[SourceQuality "1"]

1. e4 c5 2. Nf3 e6 3. d4 cxd4 4. Nxd4 Nc6 5. Nc3 Qc7 6. Nxc6 bxc6 7. Bd3 d5 8. Qe2 Bb4 9. 0-0 Bxc3 10. bxc3 Ne7 11. e5 0-0 12. Re1 c5 13. Qh5 Nf5 14. g4 g6 15. Qh3 Ng7 16. Bg5 Ne8 17. Bh6 Ng7 18. Qh4 d4 19. Bg5 Bb7 20. Bf6 Rfb8 21. Qh6 Ne8 22. Rad1 Bf3 23. Be4 Bxd1 24. Rxd1 Qb6 25. Rd3 Qb1+ 26. Kg2 Qxc2 27. Qxh7+ 1-0

[Event "Milpitas 1000 GM Schev April"]
[Site "Milpitas"]
[Date "2023.04.02"]
[Round "5.3"]
[White "Bacus, Dharim"]
[Black "Pullela, Sricharan"]
[Result "1-0"]
[WhiteElo "2158"]
[BlackElo "2040"]
[PlyCount "65"]
[EventDate "2023.03.31"]
[EventType "schev"]
[EventRounds "10"]
[EventCountry "USA"]
[SourceTitle "CBM 213 Extra"]
[Source "ChessBase"]
[SourceDate "2023.05.31"]
[SourceVersion "1"]
[SourceVersionDate "2023.05.31"]
[SourceQuality "1"]

1. e4 c5 2. Nf3 Nc6 3. d4 cxd4 4. Nxd4 Nf6 5. Nc3 e5 6. Ndb5 d6 7. Nd5 Nxd5 8. exd5 Nb8 9. a4 Be7 10. Be2 0-0 11. 0-0 Nd7 12. Be3 a6 13. Na7 f5 14. Nxc8 Rxc8 15. a5 Bg5 16. c4 Bxe3 17. fxe3 Qg5 18. Ra3 Nc5 19. b4 Ne4 20. Qc1 f4 21. exf4 Rxf4 22. Rxf4 Qxf4 23. Qxf4 exf4 24. Bd3 Nf6 25. Ra1 Re8 26. c5 dxc5 27. bxc5 Re3 28. Rd1 Kf8 29. c6 bxc6 30. dxc6 Re5 31. Bxa6 Ne8 32. Rd8 Rc5 33. Bb7 1-0

[Event "Saint Louis 1000 GM IM 01"]
[Site "Saint Louis"]
[Date "2023.01.26"]
[Round "3.3"]
[White "Yanayt, Eugene"]
[Black "Bacus, Dharim"]
[Result "0-1"]
[WhiteElo "1958"]
[BlackElo "2149"]
[PlyCount "102"]
[EventDate "2023.01.25"]
[EventType "schev"]
[EventRounds "9"]
[EventCountry "USA"]
[SourceTitle "CBM 212 Extra"]
[Source "ChessBase"]
[SourceDate "2023.03.31"]
[SourceVersion "1"]
[SourceVersionDate "2023.03.31"]
[SourceQuality "1"]
[WhiteTeam "Team C"]
[BlackTeam "Team B"]
[WhiteTeamCountry "USA"]
[BlackTeamCountry "USA"]

1. d4 Nf6 2. c4 e6 3. Nc3 d5 4. Bg5 Be7 5. cxd5 exd5 6. e3 h6 7. Bh4 0-0 8. Bd3 c6 9. Nge2 Re8 10. f3 Qb6 11. Qc2 Ng4 12. Bf2 Nxf2 13. Kxf2 Bg5 14. f4 Bh4+ 15. g3 Be7 16. Ng1 Qd8 17. Nf3 Nd7 18. Kg2 Nf6 19. h3 c5 20. Rad1 c4 21. Bf5 Bxf5 22. Qxf5 b5 23. Ne5 b4 24. Ne2 Qc8 25. Qc2 Bd6 26. Rhe1 h5 27. Ng1 a5 28. Ngf3 Ne4 29. Nd2 b3 30. axb3 Nxd2 31. Rxd2 Bb4 32. bxc4 Bxd2 33. Qxd2 f6 34. Nd3 Qxc4 35. Rc1 Qa6 36. Nc5 Qb5 37. Rc3 a4 38. Qc2 Ra7 39. Kf2 Rb8 40. Qf5 Qxb2+ 41. Rc2 Qb1 42. Nxa4 Qh1 43. Nb6 Qh2+ 44. Kf3 Qh1+ 45. Kf2 Rd8 46. Nc8 Qh2+ 47. Kf3 Qh1+ 48. Kf2 Ra1 49. Ne7+ Kf7 50. Qxh5+ Kxe7 51. Rc7+ Kd6 0-1

[Event "Chesterfield SPICE Cup op"]
[Site "Chesterfield"]
[Date "2022.12.18"]
[Round "1"]
[White "Gedajlovic, Max"]
[Black "Bacus, Dharim"]
[Result "1-0"]
[WhiteElo "2398"]
[BlackElo "2146"]
[PlyCount "137"]
[EventDate "2022.12.18"]
[EventType "swiss"]
[EventRounds "9"]
[EventCountry "USA"]
[SourceTitle "CBM 212 Extra"]
[Source "ChessBase"]
[SourceDate "2023.03.31"]
[SourceVersion "1"]
[SourceVersionDate "2023.03.31"]
[SourceQuality "1"]

1. d4 Nf6 2. c4 e6 3. Nf3 d5 4. Nc3 Bb4 5. e3 0-0 6. Bd2 c6 7. Bd3 c5 8. cxd5 cxd4 9. Nxd4 exd5 10. 0-0 Nc6 11. Nce2 Bxd2 12. Qxd2 Nxd4 13. Nxd4 a6 14. Qb4 Re8 15. Rac1 Qe7 16. Qb6 Qd8 17. Qc7 g6 18. h3 Qxc7 19. Rxc7 Kf8 20. Rfc1 Rd8 21. Be2 Ne8 22. R7c5 Be6 23. Bf3 Rd6 24. R1c3 Rad8 25. Rb3 Bc8 26. Ne2 b6 27. Rc1 Bb7 28. Nf4 R8d7 29. Rd3 Ke7 30. Rcd1 Nc7 31. g4 Bc6 32. Kh2 Kf6 33. Kg3 Ke5 34. g5 f5 35. R3d2 Bb5 36. h4 a5 37. h5 gxh5 38. Rh1 Ne6 39. Rxh5 Rg7 40. Nxe6 Kxe6 41. Kf4 Be8 42. Rh1 Rc7 43. b3 a4 44. Rh6+ Bg6 45. Bh5 Rg7 46. Bd1 axb3 47. Bxb3 Rc7 48. f3 Rf7 49. Rh1 Rc7 50. Rhd1 Rc5 51. Rd4 Ke7 52. Rxd5 Rdxd5 53. Rxd5 Rc1 54. Re5+ Kd6 55. Re6+ Kc7 56. Re7+ Kd6 57. Rb7 Kc6 58. Rb8 Kc7 59. Rg8 Kd6 60. Rg7 Rb1 61. Bg8 Rb4+ 62. Kg3 Ra4 63. Bxh7 Bxh7 64. Rxh7 Rxa2 65. Kf4 b5 66. g6 Rg2 67. Kxf5 Kc6 68. g7 b4 69. Rh6+ 1-0

[Event "Hollywood Classic 3rd"]
[Site "Los Angeles"]
[Date "2022.08.04"]
[Round "3"]
[White "Yanayt, Eugene"]
[Black "Bacus, Dharim"]
[Result "0-1"]
[WhiteElo "2012"]
[BlackElo "2164"]
[PlyCount "86"]
[EventDate "2022.08.03"]
[EventType "swiss"]
[EventRounds "9"]
[EventCountry "USA"]
[SourceTitle "CBM 209 Extra"]
[Source "ChessBase"]
[SourceDate "2022.09.30"]
[SourceVersion "1"]
[SourceVersionDate "2022.09.30"]
[SourceQuality "1"]

1. Nf3 Nf6 2. c4 e6 3. g3 d5 4. Bg2 Be7 5. d4 0-0 6. 0-0 dxc4 7. Qc2 c5 8. dxc5 Bxc5 9. Nbd2 Nc6 10. Nxc4 Qe7 11. a3 a5 12. Bf4 Nd5 13. Ng5 f5 14. Bd2 b5 15. Ne3 Nxe3 16. fxe3 Bd7 17. Kh1 Rac8 18. e4 Nd4 19. Qd3 h6 20. Nh3 e5 21. Ng1 Bc6 22. exf5 e4 23. Qe3 Nxf5 24. Qb3+ Kh8 25. e3 a4 26. Qc3 Bd5 27. Rxf5 Rxf5 28. Bh3 Rcf8 29. Bxf5 Rxf5 30. Nh3 Kh7 31. Rg1 g5 32. b4 axb3 33. Bc1 Bd6 34. Rd1 Be5 35. Qd2 Bc4 36. Nf2 Qf7 37. Kg2 Qh5 38. Bb2 Qf3+ 39. Kg1 Bxg3 40. hxg3 Qxg3+ 41. Kh1 Rxf2 42. Qd7+ Bf7 43. Qd4 Qg2# 0-1

[Event "Hollywood Classic 3rd"]
[Site "Los Angeles"]
[Date "2022.08.03"]
[Round "1"]
[White "Tiglon, Bryce"]
[Black "Bacus, Dharim"]
[Result "1-0"]
[WhiteElo "2397"]
[BlackElo "2164"]
[PlyCount "107"]
[EventDate "2022.08.03"]
[EventType "swiss"]
[EventRounds "9"]
[EventCountry "USA"]
[SourceTitle "CBM 209 Extra"]
[Source "ChessBase"]
[SourceDate "2022.09.30"]
[SourceVersion "1"]
[SourceVersionDate "2022.09.30"]
[SourceQuality "1"]

1. e4 e5 2. Nf3 Nc6 3. Bb5 a6 4. Ba4 Nf6 5. 0-0 Be7 6. Re1 b5 7. Bb3 d6 8. c3 0-0 9. h3 Re8 10. d4 Bf8 11. a4 Bb7 12. Ng5 Re7 13. Bxf7+ Rxf7 14. axb5 axb5 15. Qb3 Qd7 16. Rxa8 Bxa8 17. Nxf7 Qxf7 18. d5 Ne7 19. Qxb5 Nxe4 20. Rxe4 Qg6 21. Nd2 Bxd5 22. Rg4 Qc2 23. Qf1 h5 24. Rb4 Nf5 25. Nc4 Bxc4 26. Rxc4 c5 27. Be3 Qxb2 28. Qd3 Qb5 29. Qd5+ Kh7 30. Rb4 Qe8 31. Rb7 Qg6 32. Rb8 Qf6 33. Qe4 Kg8 34. Qa8 Qf7 35. Bg5 h4 36. Re8 c4 37. Rd8 g6 38. Qe4 Kh7 39. Qc6 Kg8 40. Qe4 Kg7 41. Rb8 Qe6 42. Rb7+ Kg8 43. Qc6 e4 44. Qc7 Bg7 45. Rb8+ Kh7 46. Qa7 Qe5 47. Qf7 Nh6 48. Bxh6 Kxh6 49. Re8 Qf5 50. Qxc4 Be5 51. Kf1 e3 52. Qxh4+ Kg7 53. Qh8+ Kf7 54. Qf8# 1-0

[Event "Charlotte CCCSA Summer IM-D"]
[Site "Charlotte"]
[Date "2022.07.27"]
[Round "5"]
[White "Canty, James H"]
[Black "Bacus, Dharim"]
[Result "1-0"]
[WhiteElo "2175"]
[BlackElo "2227"]
[PlyCount "55"]
[EventDate "2022.07.24"]
[EventType "tourn"]
[EventRounds "9"]
[EventCountry "USA"]
[SourceTitle "CBM 209 Extra"]
[Source "ChessBase"]
[SourceDate "2022.09.30"]
[SourceVersion "1"]
[SourceVersionDate "2022.09.30"]
[SourceQuality "1"]

1. d4 d5 2. Nc3 Nf6 3. Bf4 e6 4. e3 a6 5. g4 Bd6 6. Qf3 Bxf4 7. exf4 g6 8. 0-0-0 h5 9. g5 Ng8 10. h4 Ne7 11. Nge2 c5 12. dxc5 Qa5 13. Bh3 Qxc5 14. f5 gxf5 15. Nf4 d4 16. Nxh5 Nbc6 17. Nf6+ Kf8 18. Ne2 Rxh4 19. Bf1 Rxh1 20. Qxh1 Ng6 21. Qh7 Ke7 22. Qg8 e5 23. Qe8+ Kd6 24. Qxf7 Nce7 25. Qe8 Qc6 26. Qd8+ Ke6 27. f4 Qd6 28. Nxd4+ 1-0

[Event "Charlotte CCCSA Summer IM-D"]
[Site "Charlotte"]
[Date "2022.07.24"]
[Round "1"]
[White "Chasin, Nico Werner"]
[Black "Bacus, Dharim"]
[Result "1-0"]
[WhiteElo "2285"]
[BlackElo "2227"]
[PlyCount "52"]
[EventDate "2022.07.24"]
[EventType "tourn"]
[EventRounds "9"]
[EventCountry "USA"]
[SourceTitle "CBM 209 Extra"]
[Source "ChessBase"]
[SourceDate "2022.09.30"]
[SourceVersion "1"]
[SourceVersionDate "2022.09.30"]
[SourceQuality "1"]

1. d4 Nf6 2. c4 e6 3. Nf3 d5 4. Nc3 Bb4 5. Bg5 h6 6. Bxf6 Qxf6 7. Qa4+ Nc6 8. cxd5 exd5 9. e3 0-0 10. Be2 Qg6 11. 0-0 Bxc3 12. bxc3 a6 13. c4 dxc4 14. Qxc4 Bg4 15. Rab1 Rfd8 16. Rfc1 Rab8 17. Qc5 Qf6 18. d5 Ne7 19. e4 Bxf3 20. Bxf3 Rd7 21. Bg4 b6 22. Qe3 Rdd8 23. Rxc7 Qe5 24. Rbc1 f5 25. Bh3 fxe4 26. Be6+ Kh8 1-0

[Event "NATO-ch 27th"]
[Site "Shrivenham"]
[Date "2016.08.25"]
[Round "6"]
[White "Krainski, Slawomir"]
[Black "Bacus, Dharim"]
[Result "1/2-1/2"]
[WhiteElo "2113"]
[BlackElo "2272"]
[PlyCount "45"]
[EventDate "2016.08.22"]
[EventType "swiss"]
[EventRounds "7"]
[EventCountry "ENG"]
[SourceTitle "EXT 2018"]
[Source "ChessBase"]
[SourceDate "2017.10.13"]
[SourceVersion "1"]
[SourceVersionDate "2017.10.13"]
[SourceQuality "1"]

1. e4 e5 2. Nf3 Nc6 3. Bb5 Nf6 4. 0-0 Nxe4 5. Qe2 Nf6 6. d4 e4 7. Nc3 Be7 8. Nxe4 Nxe4 9. Qxe4 d5 10. Qd3 0-0 11. c3 Bd6 12. Bg5 f6 13. Bh4 Ne7 14. Bg3 Nf5 15. Bxd6 Nxd6 16. Ba4 Bf5 17. Qd1 c6 18. Bc2 Qd7 19. Bxf5 Qxf5 20. Qb1 Ne4 21. Nd2 Rfe8 22. Nxe4 Qxe4 23. Re1 1/2-1/2

[Event "NATO-ch 25th"]
[Site "Quebec"]
[Date "2014.09.08"]
[Round "1"]
[White "Bacus, Dharim"]
[Black "Dusak, Aljaz"]
[Result "1-0"]
[WhiteElo "2272"]
[BlackElo "1970"]
[PlyCount "71"]
[EventDate "2014.09.08"]
[EventType "team-swiss"]
[EventRounds "7"]
[EventCountry "CAN"]
[SourceTitle "EXT 2015"]
[Source "ChessBase"]
[SourceDate "2014.11.20"]
[SourceVersion "1"]
[SourceVersionDate "2014.11.20"]
[SourceQuality "1"]
[WhiteTeam "United States"]
[BlackTeam "Slovenia"]
[WhiteTeamCountry "USA"]
[BlackTeamCountry "SLO"]

1. e4 d6 2. d4 Nf6 3. Nc3 g6 4. Nf3 Bg7 5. Be2 0-0 6. 0-0 c6 7. h3 Na6 8. Bf4 Nc7 9. a4 Ne6 10. Be3 d5 11. e5 Ne4 12. Qd3 Nxc3 13. Qxc3 f5 14. exf6 exf6 15. Qd2 Nc7 16. Bd3 Be6 17. Rfe1 Qd7 18. Bf4 Rac8 19. Qa5 Rf7 20. Qxa7 Ne8 21. Re3 Bf5 22. Qa5 g5 23. Bxf5 Qxf5 24. Rae1 gxf4 25. Rxe8+ Rxe8 26. Rxe8+ Bf8 27. Qe1 Qxc2 28. Qe6 Kg7 29. Nh4 f5 30. Nf3 Rf6 31. Qd7+ Rf7 32. Qd8 h6 33. Ne5 Qd1+ 34. Kh2 Qxd4 35. Nxf7 Qxf2 36. Qd7 1-0